| 000 | 00488nam a2200181Ia 4500 | ||
|---|---|---|---|
| 005 | 20250423095544.0 | ||
| 008 | 250422s9999 xx 000 0 und d | ||
| 020 | _a1582970114 | ||
| 050 | _aPN 163 .G84/ | ||
| 100 | _aDickerson, Donya | ||
| 245 | 0 | _aGuide to literary agents | |
| 260 | _aOhio | ||
| 260 | _bWriter’sDigest Books | ||
| 260 | _c200 | ||
| 300 | _a394 p | ||
| 650 | _aLiterary agents--United States--Directories. Literary agents--Canada--Directories. | ||
| 942 | _cBK | ||
| 999 |
_c30632 _d30632 |
||